header

The meanings of macho (Record no. 143291)

MARC details
000 -LEADER
fixed length control field 01482nam a2200361Ia 4500
100 1# - MAIN ENTRY--AUTHOR NAME
Personal name Gutmann, Matthew C.,
245 14 - TITLE STATEMENT
Title The meanings of macho
250 ## - EDITION STATEMENT
Edition statement 10th anniversary ed. /
260 ## - PUBLICATION, DISTRIBUTION, ETC. (IMPRINT)
Place of publication Berkeley :
Name of publisher University of California Press,
Year of publication c2007.
300 ## - PHYSICAL DESCRIPTION
Number of Pages xxviii, 332 p. :
Other physical details ill., maps.
490 1# - SERIES STATEMENT
Series statement Men and masculinity ;
500 ## - GENERAL NOTE
General note Originally published in 1996.
650 #0 - SUBJECT ADDED ENTRY--TOPICAL TERM
Topical Term Men
Topical Term Masculinity
Topical Term Machismo
856 40 - ELECTRONIC LOCATION AND ACCESS
Uniform Resource Identifier http://site.ebrary.com/lib/rucke/Doc?id=10523673

No items available.

© 2026 Rongo University
Contact us: librarian | system librarian | Rongo university